00615cam a22001813a 450000100060000000300060000600500170001200800410002904000150007004200070008510000490009224501420014126000290028350600300031251600200034283000290036285600420039137230PGUSA20140828083821.0110828s2011||||xxu|||||s|||||000 | eng d aPGUSAbeng adc1 aWheeler, J. M.q(Joseph Mazzini),d1850-189810aFrauds and Follies of the Fathers :bA Review of the Worth of their Testimony to the Four Gospelsh[electronic resource] /cJ. M. Wheeler bProject Gutenberg,c2011 aPublic domain in the USA. aElectronic text 0aProject Gutenbergv3723040uhttp://www.gutenberg.org/ebooks/37230